000 00421nam a2200181Ia 4500
001 2356
005 20260306144801.0
008 260306t1982||||xx |||||||||||||| ||spa||
041 _aESP
082 _a616.89
_bB26
100 _aBasabe Barcala, José
_eAUT
245 0 _aCuestiones de psiquiatria I
260 _c1982
300 _a202 páginas :
_ccm.
650 _aGEN
654 _aCPS
942 _cLIB
_dJUS
_fJUS
_2ddc
_n
999 _c2356
_d2356